Organizácia a plánovanie pracovných procesov v poľnohospodárstve rastlinná výroba

Salvato in:
Dettagli Bibliografici
Autore principale: Moravčík, Vladimír
Ente Autore: Vysoká škola ekonomická v Bratislave. Fakulta ekonomiky a riadenia výrobných odvetví
Natura: Libro
Lingua:slovacco
Pubblicazione: Bratislava VŠE 1982
Tags: Aggiungi Tag
Nessun Tag, puoi essere il primo ad aggiungerne!!

MARC

LEADER 00000nam a2200000 4500
001 c137594
005 20190109124735.7
041 0 |a slo 
044 |a SK 
245 1 0 |a Organizácia a plánovanie pracovných procesov v poľnohospodárstve  |b rastlinná výroba  |c Vladimír Moravčík 
264 1 |a Bratislava  |b VŠE  |c 1982 
300 |a 239 s. 
100 1 |a Moravčík, Vladimír 
710 2 |a Vysoká škola ekonomická v Bratislave. Fakulta ekonomiky a riadenia výrobných odvetví